<?xml version="1.0" encoding="UTF-8"?>
<record
    xmlns:xsi="http://www.w3.org/2001/XMLSchema-instance"
    xsi:schemaLocation="http://www.loc.gov/MARC21/slim http://www.loc.gov/standards/marcxml/schema/MARC21slim.xsd"
    xmlns="http://www.loc.gov/MARC21/slim">

  <leader>00965nam a22002057a 4500</leader>
  <datafield tag="999" ind1=" " ind2=" ">
    <subfield code="c">6610</subfield>
    <subfield code="d">6610</subfield>
  </datafield>
  <controlfield tag="003">AR-CdUCM</controlfield>
  <controlfield tag="008">190318b           ||||| |||| 00| 0 spa d</controlfield>
  <datafield tag="020" ind1=" " ind2=" ">
    <subfield code="a">84-271-1438-9</subfield>
  </datafield>
  <datafield tag="040" ind1=" " ind2=" ">
    <subfield code="a">MUNICIPALIDAD PROVINCIAL DEL CUSCO</subfield>
    <subfield code="c">BIBLIOTECA MUNICIPAL DEL CUSCO</subfield>
  </datafield>
  <datafield tag="082" ind1=" " ind2=" ">
    <subfield code="a">909 /</subfield>
    <subfield code="b">H59</subfield>
  </datafield>
  <datafield tag="110" ind1=" " ind2=" ">
    <subfield code="a">Equipo de redacci&#xF3;n PAL</subfield>
    <subfield code="9">18597</subfield>
  </datafield>
  <datafield tag="245" ind1=" " ind2=" ">
    <subfield code="a">Historia universal /</subfield>
  </datafield>
  <datafield tag="260" ind1=" " ind2=" ">
    <subfield code="a">Espa&#xF1;a :</subfield>
    <subfield code="b">Ediciones mensajero,</subfield>
    <subfield code="c">1986.</subfield>
  </datafield>
  <datafield tag="300" ind1=" " ind2=" ">
    <subfield code="a">9 tomos ;</subfield>
    <subfield code="b">ilustraciones ; mapas ;</subfield>
    <subfield code="c">18 cm.</subfield>
  </datafield>
  <datafield tag="505" ind1=" " ind2=" ">
    <subfield code="a">Contenido : t.1: Pre-historia e historia del pr&#xF3;ximo Oriente -- t.2: El mundo Griego -- t.3: El mundo romano -- t.4: La alta edad media -- t.5 La baja edad media -- t.6 El renacimiento, reforma y contrareforma -- t.7: Siglo de las luces revoluci&#xF3;n francesa y &#xE9;poca de Napole&#xF3;n -- t.8: Emancipaci&#xF3;n americana, revoluci&#xF3;n industrial -- t.9: &#xC9;poca contemporanea.</subfield>
  </datafield>
  <datafield tag="650" ind1=" " ind2=" ">
    <subfield code="a">Historia</subfield>
    <subfield code="9">136</subfield>
  </datafield>
  <datafield tag="650" ind1=" " ind2=" ">
    <subfield code="a">Civilizaciones</subfield>
    <subfield code="9">18217</subfield>
  </datafield>
  <datafield tag="942" ind1=" " ind2=" ">
    <subfield code="2">ddc</subfield>
    <subfield code="c">LIBROS</subfield>
  </datafield>
  <datafield tag="945" ind1=" " ind2=" ">
    <subfield code="a">zta</subfield>
  </datafield>
  <datafield tag="952" ind1=" " ind2=" ">
    <subfield code="0">0</subfield>
    <subfield code="2">ddc</subfield>
    <subfield code="4">0</subfield>
    <subfield code="7">0</subfield>
    <subfield code="a">SH</subfield>
    <subfield code="b">SH</subfield>
    <subfield code="c">CART</subfield>
    <subfield code="d">2019-03-18</subfield>
    <subfield code="g">15.00</subfield>
    <subfield code="o">909 / H59 / t.9</subfield>
    <subfield code="p">SH0000007812</subfield>
    <subfield code="r">2019-03-18</subfield>
    <subfield code="y">LIBROS</subfield>
  </datafield>
  <datafield tag="952" ind1=" " ind2=" ">
    <subfield code="0">0</subfield>
    <subfield code="2">ddc</subfield>
    <subfield code="4">0</subfield>
    <subfield code="7">0</subfield>
    <subfield code="a">SH</subfield>
    <subfield code="b">SH</subfield>
    <subfield code="c">CART</subfield>
    <subfield code="d">2019-03-18</subfield>
    <subfield code="g">15.00</subfield>
    <subfield code="o">909 / H59 / t.8</subfield>
    <subfield code="p">SH0000007811</subfield>
    <subfield code="r">2019-03-18</subfield>
    <subfield code="y">LIBROS</subfield>
  </datafield>
  <datafield tag="952" ind1=" " ind2=" ">
    <subfield code="0">0</subfield>
    <subfield code="2">ddc</subfield>
    <subfield code="4">0</subfield>
    <subfield code="7">0</subfield>
    <subfield code="a">SH</subfield>
    <subfield code="b">SH</subfield>
    <subfield code="c">CART</subfield>
    <subfield code="d">2019-03-18</subfield>
    <subfield code="g">15.00</subfield>
    <subfield code="o">909 / H59 / t.7</subfield>
    <subfield code="p">SH0000007732</subfield>
    <subfield code="r">2019-03-18</subfield>
    <subfield code="y">LIBROS</subfield>
  </datafield>
  <datafield tag="952" ind1=" " ind2=" ">
    <subfield code="0">0</subfield>
    <subfield code="2">ddc</subfield>
    <subfield code="4">0</subfield>
    <subfield code="7">0</subfield>
    <subfield code="a">SH</subfield>
    <subfield code="b">SH</subfield>
    <subfield code="c">CART</subfield>
    <subfield code="d">2019-03-18</subfield>
    <subfield code="g">15.00</subfield>
    <subfield code="o">909 / H59 / t.6</subfield>
    <subfield code="p">SH0000007731</subfield>
    <subfield code="r">2019-03-18</subfield>
    <subfield code="y">LIBROS</subfield>
  </datafield>
  <datafield tag="952" ind1=" " ind2=" ">
    <subfield code="0">0</subfield>
    <subfield code="2">ddc</subfield>
    <subfield code="4">0</subfield>
    <subfield code="7">0</subfield>
    <subfield code="a">SH</subfield>
    <subfield code="b">SH</subfield>
    <subfield code="c">CART</subfield>
    <subfield code="d">2019-03-18</subfield>
    <subfield code="g">15.00</subfield>
    <subfield code="o">909 / H59 / t.5</subfield>
    <subfield code="p">SH0000007730</subfield>
    <subfield code="r">2019-03-18</subfield>
    <subfield code="y">LIBROS</subfield>
  </datafield>
  <datafield tag="952" ind1=" " ind2=" ">
    <subfield code="0">0</subfield>
    <subfield code="2">ddc</subfield>
    <subfield code="4">0</subfield>
    <subfield code="7">0</subfield>
    <subfield code="a">SH</subfield>
    <subfield code="b">SH</subfield>
    <subfield code="c">CART</subfield>
    <subfield code="d">2019-03-18</subfield>
    <subfield code="g">15.00</subfield>
    <subfield code="o">909 / H59 / t.4</subfield>
    <subfield code="p">SH0000007729</subfield>
    <subfield code="r">2019-03-18</subfield>
    <subfield code="y">LIBROS</subfield>
  </datafield>
  <datafield tag="952" ind1=" " ind2=" ">
    <subfield code="0">0</subfield>
    <subfield code="2">ddc</subfield>
    <subfield code="4">0</subfield>
    <subfield code="7">0</subfield>
    <subfield code="a">SH</subfield>
    <subfield code="b">SH</subfield>
    <subfield code="c">CART</subfield>
    <subfield code="d">2019-03-18</subfield>
    <subfield code="g">15.00</subfield>
    <subfield code="o">909 / H59 / t.3</subfield>
    <subfield code="p">SH0000007728</subfield>
    <subfield code="r">2019-03-18</subfield>
    <subfield code="y">LIBROS</subfield>
  </datafield>
  <datafield tag="952" ind1=" " ind2=" ">
    <subfield code="0">0</subfield>
    <subfield code="2">ddc</subfield>
    <subfield code="4">0</subfield>
    <subfield code="7">0</subfield>
    <subfield code="a">SH</subfield>
    <subfield code="b">SH</subfield>
    <subfield code="c">CART</subfield>
    <subfield code="d">2019-03-18</subfield>
    <subfield code="g">15.00</subfield>
    <subfield code="o">909 / H59 / t.2</subfield>
    <subfield code="p">SH0000007727</subfield>
    <subfield code="r">2019-03-18</subfield>
    <subfield code="y">LIBROS</subfield>
  </datafield>
  <datafield tag="952" ind1=" " ind2=" ">
    <subfield code="0">0</subfield>
    <subfield code="2">ddc</subfield>
    <subfield code="4">0</subfield>
    <subfield code="7">0</subfield>
    <subfield code="a">SH</subfield>
    <subfield code="b">SH</subfield>
    <subfield code="c">CART</subfield>
    <subfield code="d">2019-03-18</subfield>
    <subfield code="g">15.00</subfield>
    <subfield code="o">909 / H59 / t.1</subfield>
    <subfield code="p">SH0000007726</subfield>
    <subfield code="r">2019-03-18</subfield>
    <subfield code="y">LIBROS</subfield>
  </datafield>
</record>
